| 000 | 01479nam0a22002891 4500 | ||
|---|---|---|---|
| 001 | rc\4624552 | ||
| 005 | 20260406151958.0 | ||
| 021 |
_aRU _bП583-60 |
||
| 035 | _a(NLR Aleph) 008401650 | ||
| 090 |
_a9239683 _c9239683 |
||
| 100 | _a20130416d1958 |||y0rusy50 ca | ||
| 101 | 0 | _arus | |
| 102 | _aRU | ||
| 105 | _ay z ||||| | ||
| 200 | 1 |
_aТруды Конференции института по борьбе с заболеваемостью ангинами на машиностроительных заводах _fПод ред. проф. М.П. Мезрина и проф. С.В. Миллера |
|
| 210 |
_aСвердловск _cБ. и. _d1958 |
||
| 215 |
_a160 с. _d22 |
||
| 225 | 1 |
_aМинистерство здравоохранения РСФСР. Свердловский государственный медицинский институт. [Сборник работ Института] _vВып. 24 |
|
| 320 | _aБиблиогр. в конце статей | ||
| 702 | 1 |
_aМезрин _bМ.П. _gМихаил Павлович _4340 |
|
| 702 | 1 |
_aМиллер _bС.В. _4340 |
|
| 710 | 0 | 2 |
_aСвердловский медицинский институт _bКонференция по борьбе с заболеваемостью ангинами на машиностроительных заводах _f1958 _9350558 _3RU\NLR\AUTH\889927470 |
| 801 | 0 |
_aRU _bNLR _gpsbo |
|
| 801 | 1 |
_aRU _bELAR _2rusmarc |
|
| 852 |
_aNLR _jП16/243 |
||
| 942 | _cBOOK | ||
| 980 | _aNB | ||